000 00841nam a22003017a 4500
001 BR7602019
003 BR-BrBNA
005 20230928084941.0
007 ta
008 230509b bl.||||| |||| 00| 0 por d
040 _aBR-BrBNA
_bpor
_cBiblioteca Nacional de Agricultura
041 _a(Por)
072 _aF10
_b0230
_b/G514
090 _ 0230 BR7602019
100 1 _aCambuim, F.A.
110 1 _aPrograma Nacional de Melhoramento da Cana-de-Acucar, Carpina, PE (Brasil)
_98023
245 1 _aMeio ambiente regional [cana de acucar, Brasil]
260 3 _aCarpina, PE (Brasil):
_c[nd].
300 _a5 p.
500 _aPublished after 1976?
650 _aMETEOROLOGIA
650 _aCLIMATOLOGIA
650 _aCANA DE ACUCAR
650 _aSAFRA
650 _aPERNAMBUCO
909 _a202309
_bLucia
_c55
_dLucia Elande
942 _cBK
999 _c22060
_d22060